MARC

LEADER 00000nam0a2200000 4500
001 103169
005 20231031113322.0
035 |a (RuTPU)RU\TPU\book\111240 
090 |a 103169 
100 |a 20061013d1972 m y0rusy50 ca 
101 0 |a rus 
102 |a RU 
105 |a a j 001zy 
200 1 |a Лабораторный практикум по применению красителей  |e учебное пособие  |f Б. Н. Мельников [и др.] 
210 |a Москва  |c Легкая индустрия  |d 1972 
215 |a 246 с.  |c ил. 
320 |a Библиогр. в конце гл. 
610 1 |a органические красители 
610 1 |a практические работы 
610 1 |a крашение 
610 1 |a применение 
610 1 |a учебные пособия 
675 |a 667.2(076.5)  |v 3 
701 1 |a Мельников  |b Б. Н.  |g Борис Николаевич 
701 1 |a Блиничева  |b И. Б.  |g Ирина Борисовна 
701 1 |a Кириллова  |b М. Н.  |g Маргарита Николаевна 
701 1 |a Виноградова  |b Г. И.  |g Галина Ивановна 
801 1 |a RU  |b 63413507  |c 20061013  |g PSBO 
801 2 |a RU  |b 63413507  |c 20180601  |g PSBO 
942 |c BK